Bài tập kỹ thuật điện

Sách cung cấp một số bài tập về các phần khác nhau của kỹ thuật điện như tính toán các loại mạch điện, tính toán các loại máy điện, thiết kế tính toán các loại mạng điện sinh hoạt và chiếu sáng....

Descripción completa

Guardado en:
Detalles Bibliográficos
Autor principal: Trương, Tri Ngộ
Formato: Libro
Lenguaje:Undetermined
Publicado: Hà Nội Xây Dựng 1998
Materias:
Etiquetas: Agregar Etiqueta
Sin Etiquetas, Sea el primero en etiquetar este registro!
Thư viện lưu trữ: Trung tâm Học liệu Trường Đại học Cần Thơ
LEADER 00967nam a2200229Ia 4500
001 CTU_36126
008 210402s9999 xx 000 0 und d
020 |b 17.000đ 
020 |c 17000 
082 |a 621.3076 
082 |b Ng450 
100 |a Trương, Tri Ngộ 
245 0 |a Bài tập kỹ thuật điện 
245 0 |c Trương Tri Ngộ, Hà Đặng Cao Phong, Ngô Xuân Tùng 
260 |a Hà Nội 
260 |b Xây Dựng 
260 |c 1998 
520 |a Sách cung cấp một số bài tập về các phần khác nhau của kỹ thuật điện như tính toán các loại mạch điện, tính toán các loại máy điện, thiết kế tính toán các loại mạng điện sinh hoạt và chiếu sáng. 
650 |a Electric engineering 
650 |x Problems, exercises, etc 
904 |i Minh, Năm 
980 |a Trung tâm Học liệu Trường Đại học Cần Thơ